000 01310cam a2200397Ia 4500
001 7734931
003 ARRUPE
005 20130917115440.0
008 091211s2009 sa abf b 001 0 eng d
020 _a1868144992
020 _a9781868144990
024 _a40017690444
035 _a(OCoLC)ocn477218537
035 _a(OCoLC)477218537
035 _a(NNC)7734931
040 _aOH#
_cOH#
_dYDXCP
_dFQG
050 4 _aDE73.2.E85
_bV35 2009
082 4 _a939.78
100 1 _aVan Wyk Smith, Malvern.
_9215
245 1 4 _aThe first Ethiopians :
_bthe image of Africa and Africans in the early Mediterranean world /
_cMalvern van Wyk Smith.
260 _aJohannesburg :
_bWits University Press,
_c2009.
300 _axi, 528 p., [16] p. of plates :
_bill. (some col.), map ;
_c23 cm.
504 _aIncludes bibliographical references and index.
650 0 _aAfricans
_zMediterranean Region
_xHistory.
_9216
650 0 _aAfricans in art.
_9217
650 0 _aAfricans in literature.
_9218
650 0 _aRacism
_zEgypt.
_9219
651 0 _aNubia
_xHistory.
_9220
651 0 _aEthiopia
_xHistory.
_9221
651 0 _aEgypt
_xHistory.
_9222
651 0 _aEgypt
_xAntiquities.
_9223
651 0 _aAfrica
_xAntiquities.
_9224
942 _2lcc
_cMONOGRAPH
948 1 _a20100423
_bc
_csl13
_dMPS
999 _c117800
_d117800